Development and properties of novel thermoplastic elastomer based on poly (phenylene ether) (Record no. 56947)

MARC details
000 -LEADER
fixed length control field 00503nam a2200169Ia 4500
100 ## - MAIN ENTRY--AUTHOR NAME
Personal name Gupta Samik
245 #0 - TITLE STATEMENT
Title Development and properties of novel thermoplastic elastomer based on poly (phenylene ether)
260 ## - PUBLICATION, DISTRIBUTION, ETC. (IMPRINT)
Name of publisher Rubber Chemistry and Technology
Year of publication 2007
300 ## - PHYSICAL DESCRIPTION
Number of Pages 642-660
650 ## - SUBJECT ADDED ENTRY--TOPICAL TERM
Topical Term Thermoplastic elastomers
700 ## - ADDED ENTRY--PERSONAL NAME
Personal name Bhowmick
700 ## - ADDED ENTRY--PERSONAL NAME
Personal name Biswas Amit
700 ## - ADDED ENTRY--PERSONAL NAME
Personal name Krishnamurthy Raja
700 ## - ADDED ENTRY--PERSONAL NAME
Personal name Preschilla Nisha
942 ## - ADDED ENTRY ELEMENTS (KOHA)
Koha item type Journals
Holdings
Withdrawn status Lost status Damaged status Not for loan Home library Current library Shelving location Date acquired Serial Enumeration / chronology Koha item type
      Journals RRII Library RRII Library Rubber technology 15/01/2008 Volume 80, Issue 4 Journals